000 00441nam a2200181Ia 4500
008 090123s9999 xx 000 0 und d
082 _b42028
100 _aदळवी प्रकाश
245 _aसावट
250 _a1
260 _c2007
300 _a202
600 _aदळवी प्रकाश
630 _aसावट
700 _aदळवी प्रकाश
730 _aसावट
942 _cBOOK
999 _c80101
_d80101